000 003500000a22001330004500
060 _a100
082 _a371.335 DAL
100 _aDale, Edgar
245 _aAudio visual methods in teaching
260 _c1946
300 _a546
650 _aAudio visual methods - teaching/ audio - visual material - theore/ audio - visual meterials
942 _cBK
999 _c350705
_d350705